000 00628nam a2200229Ia 4500
003 OSt
005 20221007064813.0
006 a|||||r|||| 00| 0
007 ta
008 221006b |||||||| |||| 00| 0 eng d
024 _a23,328
037 _cTextual
040 _aFLL
_cFLL
_beng
041 _2eng
_aeng
082 _aZ2,87y7, M5
100 _aSujan M. A.
_9683298
245 0 _aLaw relating to government arbitration
260 _aDelhi
_bMilind Publications Private Limited India
_c1985
300 _axxxix,336p
_ccm.
942 _hZ2,87y7, M5
_cTEXL
_2CC
999 _c1135402
_d1135402